| 000 | 01689nam a2200421 i 4500 | ||
|---|---|---|---|
| 001 | DIGUPLCAR0017 | ||
| 003 | NyNyDIG | ||
| 007 | cr ||||||||||| | ||
| 008 | 230405s2018 ec ob 000 0 spa d | ||
| 006 | m o d | ||
| 035 | _a(OCoLC)1377521601 | ||
| 040 |
_aDGITA _beng _erda _epn _cDGITA |
||
| 020 |
_a9789942914545 _qeBook |
||
| 024 | 7 |
_a10.32645/9789942914545 _2doi |
|
| 050 | 1 | 4 | _aHM708 ebook |
| 100 | 1 |
_aVillarreal, Javier, _eauthor. |
|
| 245 | 1 | 0 |
_aCapital social y desarrollo económico territorial : _bpropuesta de un barómetro para medir el capital social como catalizador del desarrollo económico territorial / _cJavier Villarreal, Víctor Salinas, Hugo Ruíz Enríquez. |
| 250 | _aPrimera edición. | ||
| 264 | 1 |
_aTulcán, Carchi, Ecuador : _bUniversidad Politécnica Estatal del Carchi, _c[2018] |
|
| 300 | _a1 online resource. | ||
| 336 |
_atext _btxt _2rdacontent |
||
| 337 |
_acomputer _bc _2rdamedia |
||
| 338 |
_aonline resource _bcr _2rdacarrier |
||
| 347 |
_atext file _2rdaft |
||
| 347 | _bPDF | ||
| 504 | _aIncludes bibliographical references. | ||
| 588 | 0 | _aOnline resource; title from PDF title page (Digitalia, viewed April 5, 2023) | |
| 650 | 0 | _aSocial capital (Sociology) | |
| 650 | 0 | _aInfrastructure (Economics) | |
| 650 | 0 |
_aEconomic development _xSocial aspects. |
|
| 700 | 1 |
_aSalinas, Víctor, _eauthor. |
|
| 700 | 1 |
_aRuíz Enríquez, Hugo, _eauthor. |
|
| 791 | 2 |
_aDigitalia (Firm), _edistributor. |
|
| 793 | 0 |
_gDigitalia eBook Collection: _aUniversidad Politécnica Estatal del Carchi |
|
| 856 | 4 | 0 |
_3Digitalia Hispánica _uhttps://www.digitaliapublishing.com/a/118861/ |
| 910 | _aPremium collection: 2023 | ||
| 942 | _cRAA | ||
| 999 |
_c275737 _d275737 |
||